[Event "Feffernitz Raika op 05th"]
[Site "Feffernitz"]
[Date "1996.??.??"]
[Round "?"]
[White "Piskernig, M."]
[Black "Reiss, Georg"]
[Result "1/2-1/2"]
[WhiteElo "1630"]
[BlackElo "1605"]
[PlyCount "134"]
[EventDate "1996.08.??"]
[EventType "swiss"]
[EventRounds "9"]
[EventCountry "AUT"]
[SourceTitle "EXT 2004"]
[Source "ChessBase"]
[SourceDate "2003.11.25"]
[SourceVersion "1"]
[SourceVersionDate "2003.11.25"]
[SourceQuality "1"]

1. e4 e5 2. Nf3 d6 3. Bc4 Nf6 4. Nc3 h6 5. d4 exd4 6. Nxd4 Be7 7. 0-0 0-0 8. Re1 Bd7 9. Nd5 Nxd5 10. Bxd5 c6 11. Bb3 Bf6 12. f4 Qb6 13. Be3 c5 14. Nf3 Be6 15. c3 Bxb3 16. Qxb3 Qxb3 17. axb3 Nc6 18. Bf2 Rfe8 19. Rad1 Rad8 20. e5 dxe5 21. Rxd8 Rxd8 22. fxe5 Be7 23. Kf1 b6 24. e6 Na5 25. exf7+ Kxf7 26. Ne5+ Kg8 27. Nc4 Nxc4 28. Rxe7 Nxb2 29. Rxa7 Nd1 30. Be1 Ne3+ 31. Kf2 Nd5 32. c4 Rf8+ 33. Kg3 Ne3 34. Bc3 Rf7 35. Rxf7 Kxf7 36. Be5 Nf5+ 37. Kf4 Ne7 38. Bc7 Nc8 39. Kf5 g6+ 40. Ke4 Ke7 41. Kd5 Kd7 42. Bf4 g5 43. Be5 Ne7+ 44. Ke4 Kc6 45. Bg7 h5 46. Bf6 Ng6 47. Bxg5 b5 48. Kf5 Nf8 49. Bd2 Nd7 50. Kg5 bxc4 51. bxc4 Ne5 52. Kxh5 Nxc4 53. Bc3 Ne3 54. g4 c4 55. g5 Nd1 56. Bd2 Kd6 57. h4 Nf2 58. Kg6 Ke6 59. Bc3 Ne4 60. Be1 c3 61. Bxc3 Nxc3 62. h5 Nd5 63. h6 Ne7+ 64. Kg7 Nf5+ 65. Kh7 Ne7 66. g6 Kf6 67. g7 Kf7 1/2-1/2